000 00530nam a22001697a 4500
005 20250519100733.0
008 250519b |||||||| |||| 00| 0 eng d
040 _cDO
245 _aGoing Public
490 _aNational Geographic
520 _aPublic Lands, Deadly Silk, Arctic National Wildlife Refuge, Russia's Frozen Inferno, Megatransect III, France's Magical Cave Art, Ocean Grove, New Jersey
650 _xSPIDERWEBS
650 _xRUSSIA
650 _xMEGATRANSECT PART III
650 _xCHAUVET CAVE
942 _2ddc
_cCR
999 _c5521
_d5521